Normal view MARC view
  • Frictional resistance (Hydrodynamics)

Entry Topical Term

Number of records used in: 3

001 - CONTROL NUMBER

  • control field: 35931

003 - CONTROL NUMBER IDENTIFIER

  • control field: NUST

005 - DATE AND TIME OF LATEST TRANSACTION

  • control field: 20210309152737.0

008 - FIXED-LENGTH DATA ELEMENTS

  • fixed length control field: 210309|| aca||aabn | a|a d

040 ## - CATALOGING SOURCE

  • Original cataloging agency: NUST
  • Transcribing agency: NUST

150 ## - HEADING--TOPICAL TERM

  • Topical term or geographic name entry element: Frictional resistance (Hydrodynamics)

670 ## - SOURCE DATA FOUND

  • Source citation: Work cat.: (NUST)31593: Pioro, I. L. (Igorʹ Leonardovich) 35930, Heat transfer and hydraulic resistance at supercritical pressures in power engineering applications, c2007.
© 2023 Central Library, National University of Sciences and Technology. All Rights Reserved.